US Cities With the Lowest Percent of their Metro Area Populations - Statistics

General Stats
  • This quiz has been taken 24 times
  • The average score is 14 of 25
Answer Stats
Percent of Metro Area Population Population Answer % Correct
8.02% 489,715 Atlanta
91%
7.20% 442,241 Miami
91%
11.51% 307,573 Orlando
91%
10.69% 301,578 St. Louis
82%
12.12% 384,959 Tampa
82%
13.67% 675,647 Boston
77%
14.55% 639,111 Detroit
77%
11.65% 429,954 Minneapolis
77%
10.98% 689,545 Washington
77%
12.33% 302,971 Pittsburgh
73%
13.75% 309,317 Cincinnati
68%
15.91% 200,133 Salt Lake City
68%
10.52% 121,054 Hartford
59%
11.39% 190,934 Providence
55%
6.85% 314,998 Riverside
55%
14.60% 125,845 Allentown
45%
15.71% 148,654 Bridgeport
45%
8.47% 50,099 Harrisburg
45%
7.62% 70,720 Greenville
41%
11.03% 99,224 Albany
36%
13.70% 87,321 Ogden
27%
15.54% 112,641 Lakeland
18%
8.97% 74,793 North Port
14%
14.01% 93,692 Deltona
9%
4.73% 32,954 Kiryas Joel
5%
No matching quizzes found
Score Distribution
Percent of People with Each Score
Percentile by Number Answered
Your Score History
You have not taken this quiz